000 00375nam a2200145 4500
999 _c2590
_d2590
008 200311b ||||| |||| 00| 0 eng d
082 0 0 _a621.381
_bM642
245 1 0 _aElectronics /
_cedited by Harry Mileaf
250 _a4th ed.
260 _aBombay
_bTaraporevala
_c1967
300 _a118 p.
650 0 _aElectronics
700 _9812
_aMileaf, Harry
_eeditor
942 _2ddc
_cBK